Which countries do you cross? Cape Town - Astana - Statistics

General Stats
  • This quiz has been taken 125 times
  • The average score is 14 of 15
Answer Stats
Km Country % Correct
1222 Iran
94%
1059 South Africa
93%
817 Zambia
93%
525 Zimbabwe
93%
1058 Kazakhstan
92%
1145 Saudi Arabia
92%
903 Ethiopia
91%
444 Yemen
91%
703 Botswana
90%
876 Tanzania
90%
317 Uzbekistan
90%
685 Kenya
89%
439 Turkmenistan
88%
52 Eritrea
87%
185 Djibouti
84%
No matching quizzes found
Score Distribution
Percent of People with Each Score
Percentile by Number Answered
Your Score History
You have not taken this quiz